000 00865nam0a22002651 4500
001 rc\268702
005 20250621002236.0
010 _a5-86004-056-3
_92000
035 _a(NLR Aleph) 005474511
090 _a5076799
_c5076799
100 _a20030307d1996 |||y0rusy50 ca
101 0 _arus
102 _aRU
105 _aa |||||||||
200 1 _aО смысле жизни и смерти
_f[Сост. предисл., библиогр. Е. Никитина]
210 _aМ.
_cРосспэн
_d1996
215 _a382, [1] с., [1] л. портр.
_d21
225 1 _aФилософы России XX века
320 _aБиблиогр.: с. 381-382
700 1 _aТрубников
_bН.Н.
_f1929-1983
_gНиколай Николаевич
801 0 _aRU
_bNLR
_gpsbo
801 1 _aRU
_bELAR
_2rusmarc
852 _aNLR
_j96-3/11292
942 _cBOOK
980 _aNB